Who stole the veggies from the veggie patch? / (Record no. 6480)

MARC details
000 -LEADER
fixed length control field 01354cam a22004097a 4500
001 - CONTROL NUMBER
control field 6480
003 - CONTROL NUMBER IDENTIFIER
control field FISKH
005 - DATE AND TIME OF LATEST TRANSACTION
control field 20250506111156.0
008 - FIXED-LENGTH DATA ELEMENTS--GENERAL INFORMATION
fixed length control field 120403s2013 flua j 000 1 eng d
010 ## - LIBRARY OF CONGRESS CONTROL NUMBER
LC control number 2012936767
020 ## - INTERNATIONAL STANDARD BOOK NUMBER
International Standard Book Number 9781618101655
020 ## - INTERNATIONAL STANDARD BOOK NUMBER
International Standard Book Number 9781618102980
020 ## - INTERNATIONAL STANDARD BOOK NUMBER
International Standard Book Number 161810165X
020 ## - INTERNATIONAL STANDARD BOOK NUMBER
International Standard Book Number 9781618102980 (soft)
020 ## - INTERNATIONAL STANDARD BOOK NUMBER
International Standard Book Number 1618102982 (soft)
020 ## - INTERNATIONAL STANDARD BOOK NUMBER
International Standard Book Number 9780329940515 (hbk. : Follettbound)
020 ## - INTERNATIONAL STANDARD BOOK NUMBER
International Standard Book Number 0329940511 (hbk. : Follettbound)
035 ## - SYSTEM CONTROL NUMBER
System control number (OCoLC)ocn792870403
040 ## - CATALOGING SOURCE
Original cataloging agency BTCTA
Language of cataloging eng
Transcribing agency BTCTA
Modifying agency DLC
042 ## - AUTHENTICATION CODE
Authentication code lccopycat
050 ## - LIBRARY OF CONGRESS CALL NUMBER
Classification number PZ7.M1986323 W
082 ## - DEWEY DECIMAL CLASSIFICATION NUMBER
Classification number 823
100 1# - MAIN ENTRY--PERSONAL NAME
Personal name McKenzie, Precious,
Dates associated with a name 1975-
245 10 - TITLE STATEMENT
Title Who stole the veggies from the veggie patch? /
Statement of responsibility, etc. by Precious McKenzie ; illustrated by Jenny Snape.
260 ## - PUBLICATION, DISTRIBUTION, ETC.
Place of publication, distribution, etc. Vero Beach :
Name of publisher, distributor, etc. Rourke Educational Media,
Date of publication, distribution, etc. 2013.
300 ## - PHYSICAL DESCRIPTION
Extent 24 pages :
Other physical details color illustrations ;
Dimensions 21 cm
490 0# - SERIES STATEMENT
Series statement Little birdie books
505 ## - FORMATTED CONTENTS NOTE
Formatted contents note E<br/>
520 ## - SUMMARY, ETC.
Summary, etc. "Who Stole the Cookies from the Cookie Jar" is given a new twist using vegetables in this delightful book using different animals.
521 8# - TARGET AUDIENCE NOTE
Target audience note 220<br/>
Source Lexile <br/>
521 8# - TARGET AUDIENCE NOTE
Target audience note E<br/>
Source Raz-Plus<br/>
650 #0 - SUBJECT ADDED ENTRY--TOPICAL TERM
Topical term or geographic name entry element Vegetables
Form subdivision Juvenile fiction.
700 1# - ADDED ENTRY--PERSONAL NAME
Personal name Snape, Jenny,
Relator term illustrator
906 ## - LOCAL DATA ELEMENT F, LDF (RLIN)
a 7
b cbc
c copycat
d 2
e epcn
f 20
g y-gencatlg
942 ## - ADDED ENTRY ELEMENTS (KOHA)
Source of classification or shelving scheme Dewey Decimal Classification
Koha item type Books
Suppress in OPAC No
Holdings
Withdrawn status Lost status Source of classification or shelving scheme Damaged status Not for loan Collection Home library Current library Shelving location Date acquired Total Checkouts Full call number Barcode Date last seen Date last checked out Copy number Price effective from Koha item type
    Dewey Decimal Classification     Juvenile Fiction Footprints International School Library Network Toul Kork Campus Footprints International School Library Network Toul Kork Campus TK Primary Library Room(4th Floor), Bookcase 7, Shelves 57-60, Dark Green Books 05/06/2025 1 MCK 823 PZ7.M1986323 W FISTK00939 02/02/2026 01/05/2026 1 05/06/2025 Books